banner-ar

ديوان الادب: اول معجم عربى مرتب حسب الابنية / (Record no. 33043)

MARC details
000 -الفاتح
حقل البيانات ثابتة الطول 00760nam a2200229Ia 4500
008 - عناصر البيانات ثابتة الطول - معلومات عامة
حقل البيانات ثابتة الطول 140319s9999 xx 000 0 ara d
040 ## - مصدر الفهرسة
وكالة الفهرسة الأصلية GCL /
وكالة النسخ GCL
082 04 - رقم تصنيف ديوى العشرى
رقم التصنيف 413
رقم المادة ف د
100 1# - المدخل الرئيسى - إسم شخصى
الإسم الشخصى ابراهيم انيس
245 10 - بيان العنوان
العنوان ديوان الادب: اول معجم عربى مرتب حسب الابنية /
بيان المسئوليه,etc ابراهيم انيس
700 1# - المدخل الاضافى - اسم شخصى
الإسم الشخصى احمد مختار عمر
700 1# - المدخل الاضافى - اسم شخصى
الإسم الشخصى الفارابى : ابوابراهيم اسحاق بن ابراهيم
260 ## - PUBLICATION, DISTRIBUTION, ETC. (IMPRINT)
تاريخ النشر أو التوزيع 1975
300 ## - الوصف المادى
التعداد 705 ص ؛
أبعاد الوعاء 26 سم
490 ## - بيان السلسلة
عنوان السلسلة
650 04 - المدخل الاضافى بالموضوع-مصطلح موضوعى
مصطلح موضوعي النحو
650 04 - المدخل الاضافى بالموضوع-مصطلح موضوعى
مصطلح موضوعي اللغة العربية
650 04 - المدخل الاضافى بالموضوع-مصطلح موضوعى
مصطلح موضوعي المعاجم
650 04 - المدخل الاضافى بالموضوع-مصطلح موضوعى
مصطلح موضوعي الافعال
942 ## - عناصر المدخل الإضافي( كوها)
مصدر التصنيف او مخطط الترفيف Dewey Decimal Classification
Koha [default] item type كتاب
260 ## - PUBLICATION, DISTRIBUTION, ETC. (IMPRINT)
-- القاهرة :
-- مجمع اللغة العربية ،
Holdings
حالة التراجع حالة الفقد حالة تلف ليس للاعارة المكان المؤقت الموقع الحالى تاريخ الاكتساب اجمالي اﻻعارات رقم الطلب الباركود تاريخ اخر مشاهدة تاريخ تفعيل السعر نوع وعاء كوها
        مكتبة القاهرة الكبرى مكتبة القاهرة الكبرى 03/26/2014   413\ف د 78382 03/26/2014 03/26/2014 كتاب
        مكتبة القاهرة الكبرى مكتبة القاهرة الكبرى 03/26/2014   413\ف د 78383 03/26/2014 03/26/2014 كتاب
        مكتبة القاهرة الكبرى مكتبة القاهرة الكبرى 03/26/2014   413\ف د 78384 03/26/2014 03/26/2014 كتاب
        مكتبة القاهرة الكبرى مكتبة القاهرة الكبرى 03/26/2014   413\ف د 78385 03/26/2014 03/26/2014 كتاب
        مكتبة القاهرة الكبرى مكتبة القاهرة الكبرى 03/26/2014   413\ف د 78386 03/26/2014 03/26/2014 كتاب

Powered By

EGPV